000
00231nam a22001217a 4500
082
_a
671.5202AWS
100
_a
Aws
245
_a
Welding hand book
250
_a
Vol I
260
_a
American
_c
1976
300
_a
373
942
_c
BK
999
_c
12306
_d
12306